UBT Library

SURGERY OF THE FOOT AND ANKLE (Record no. 58545)

000 -LEADER
fixed length control field 00336nam a22001457a 4500
008 - FIXED-LENGTH DATA ELEMENTS--GENERAL INFORMATION
fixed length control field 221013b ||||| |||| 00| 0 eng d
020 ## - INTERNATIONAL STANDARD BOOK NUMBER
International Standard Book Number 080166683
041 ## - LANGUAGE CODE
Language code of text/sound track or separate title eng
080 ## - UNIVERSAL DECIMAL CLASSIFICATION NUMBER
Edition identifier SIXTH EDITION
Universal Decimal Classification number 616.002
082 ## - DEWEY DECIMAL CLASSIFICATION NUMBER
Classification number 616.002
100 ## - Rafti
Rafti 11.2
101 ## - Shkurtesa
Shkurtesa REU
245 ## - TITLE STATEMENT
Title SURGERY OF THE FOOT AND ANKLE
Statement of responsibility, etc MANN.R
942 ## - ADDED ENTRY ELEMENTS (KOHA)
Source of classification or shelving scheme
Item type Books
Holdings
Withdrawn status Lost status Source of classification or shelving scheme Damaged status Not for loan Collection code Permanent location Current location Date acquired Total Checkouts Full call number Barcode Date last seen Price effective from Koha item type
          Koleksioni i përgjithshem UBT - Lipjan UBT - Lipjan 10/13/2022   617 MAN 002-800028700260110 10/13/2022 10/13/2022 Books
UBT Library © 2015-2024. All rights reserved University Education for Business and Technology